00481nam a2200157Ia 4500003000400000008004100004040000800045100001500053245006300068260002600131300001200157901002000169942001200189952010500201999001700306LDD181029s9999 xx 000 0 und d cLDD aBhatt, G.D 0aIndo-Soviet relations and Indian public opinioncG.D Bhatt aDelhibPacifierc1989 avi, 245 a397b26-03-1996 2ddccBK 00102ddc4070936968aLDDbLDDd2018-11-01l0o327.54047 B469Ip020286r2018-11-01w2018-11-01yBK c36969d36969